|
|
|
|
| LEADER |
01094nam a2200241 u 4500 |
| 001 |
10089924 |
| 003 |
GR-PaULI |
| 005 |
20210117211044.0 |
| 008 |
110621s2004 gr a gre |
| 952 |
|
|
|0 0
|1 0
|2 ddc
|4 0
|6 005_268000000000000_ΚΥΤ
|7 0
|9 239753
|a LISP
|b LISP
|c BSC
|d 2020-02-28
|i 061536
|l 0
|o 005.268 ΚΥΤ
|p 025000269078
|r 2020-02-28 00:00:00
|t 1
|v 2020.00
|w 2020-02-28
|y BK15
|
| 999 |
|
|
|c 144779
|d 144779
|
| 020 |
|
|
|a 9608271096
|
| 040 |
|
|
|a GR-PaULI
|c GR-PaULI
|b gre
|e AACR2
|
| 082 |
0 |
4 |
|a 005.268
|2 23
|
| 100 |
1 |
|
|9 180394
|a Κυταγιάς, Δημήτρης Χ.
|e συγγραφέας.
|
| 245 |
0 |
0 |
|a Visual basic :
|b από τη θεωρία...στο εργαστήριο /
|c Κυτάγιας Δ., Ψαρομήλιγκος Ι.
|
| 260 |
|
|
|a Αθήνα :
|b Δηρός,
|c 2004.
|
| 300 |
|
|
|a 675 σ. :
|b εικ.. ;
|c 24 εκ.
|
| 504 |
|
|
|a Περιλαμβάνει βιβλιογραφία και ευρετήριο.
|
| 650 |
|
4 |
|a Microsoft Visual BASIC
|9 22494
|
| 700 |
|
|
|9 121138
|a Ψαρομήλιγκος, Ιωάννης Ν.
|e συγγραφέας.
|
| 942 |
|
|
|2 ddc
|c BK15
|
| 998 |
|
|
|c ΜΠΟΥΡΑΣ
|d 2020-02
|